LEADER 01878nam0 2200433 i 450 001 MIL0437751 005 20251003044233.0 010 $a8814077797 020 $aIT$b2000-6136 100 $a20130827d2000 ||||0itac50 ba 101 | $aita 102 $ait 181 1$6z01$ai $bxxxe 182 1$6z01$an 200 1 $aNorme fondamentali dell'Unione e della Comunità europea$fFausto Pocar, Michele Tamburini$gcon la collaborazione di Simona Antonini 205 $a9. ed 210 $aMilano$cA. Giuffrè$d2000 215 $aXV, 539 p.$d17 cm. 225 | $aRaccolte legislative per l'università, i concorsi e la professione 410 0$1001CFI0169132$12001 $aRaccolte legislative per l'università, i concorsi e la professione 606 $aComunità europee$xOrdinamento$2FIR$3CFIC070750$9I 606 $aUNIONE EUROPEA$xLEGISLAZIONE$2FIR$3MILC063164$9E 676 $a341.24$9ASSOCIAZIONI E ORGANIZZAZIONI REGIONALI$v12 676 $a341.242$9Diritto delle nazioni (Diritto internazionale) - Unione europea$v14 676 $a341.2422026$9COMUNITA EUROPEA. Trattati e giurisprudenza$v21 696 $aOrdinamento giuridico 699 $aOrdinamento$zOrdinamento giuridico 700 1$aPocar$b, Fausto$3CFIV006094$4070$0110202 701 1$aTamburini$b, Michele$3CFIV030085$4070$0234166 702 1$aAntonini$b, Simona$3MILV219262 801 3$aIT$bIT-000000$c20130827 850 $aIT-BN0095 $aIT-NA0070 901 $bNAP 01$cGUERRAZZI $n$ 901 $bNAP BU$cCONS. $nConsultazione. 912 $aMIL0437751 950 0$aBiblioteca Centralizzata di Ateneo$c1 v.$d 01GUERRAZZI A 0450$e 0101 0000114125 VMA 1 v.$fA $h20091229$i20091229 977 $a 01$a BU 996 $aNorme fondamentali dell'Unione e della Comunità europea$965172 997 $aUNISANNIO